[Event "2nd Serbia Open Masters 2022"]
[Site "Novi Sad"]
[Date "2022.07.06"]
[Round "9.33"]
[White "Babazada, Khazar"]
[Black "Ibadov, Dashgyn"]
[Result "1-0"]
[WhiteElo "2431"]
[BlackElo "2266"]
[Annotator "TA"]
[PlyCount "105"]
[EventDate "2022.06.28"]
[EventType "swiss"]
[EventCountry "SRB"]
[SourceTitle "playchess.com"]
[Source "ChessBase"]
[SourceQuality "1"]

1. Nf3 d5 2. g3 Nf6 3. Bg2 e6 4. O-O Be7 5. b3 O-O 6. Bb2 b6 7. c4 Bb7 8. Qc2 c5 9. cxd5 Nxd5 10. Nc3 Nxc3 11. Bxc3 Nc6 12. Qb2 Bf6 13. Rfd1 Bxc3 14. Qxc3 Qe7 15. d4 cxd4 16. Nxd4 Nxd4 17. Rxd4 Bxg2 18. Kxg2 Rac8 19. Qd3 Rfd8 20. Rd1 Rxd4 21. Qxd4 Qb7+ 22. f3 h6 23. Kf2 Qc6 24. Rd2 Qc5 25. Qxc5 Rxc5 26. Rd8+ Kh7 27. Rd7 Ra5 28. a4 b5 29. axb5 Rxb5 30. Rxf7 Rxb3 31. Rxa7 Kg6 32. h4 Kf6 33. Ra5 Rc3 34. g4 Rc4 35. Kg3 e5 36. h5 Rb4 37. Ra6+ Kf7 38. Kf2 Rb3 39. Rd6 Ra3 40. Rd3 Ra4 41. Ke3 Kf6 42. Rd6+ Ke7 43. Rb6 Kf7 44. Kd3 Ke7 45. e3 Kf7 46. Rc6 Ke7 47. Rc4 Ra6 48. Rc7+ Kf6 49. Ke4 Ra3 50. Rc6+ Kf7 51. Rd6 Rb3 52. Rd3 Rb5 53. Rd5 1-0

[Event "2nd Serbia Open Masters 2022"]
[Site "Novi Sad"]
[Date "2022.07.06"]
[Round "9.34"]
[White "Makridis, Dimitrios"]
[Black "Assaubayeva, Bibisara"]
[Result "0-1"]
[WhiteElo "2082"]
[BlackElo "2439"]
[Annotator "TA"]
[PlyCount "66"]
[EventDate "2022.06.28"]
[EventType "swiss"]
[EventCountry "SRB"]
[SourceTitle "playchess.com"]
[Source "ChessBase"]
[SourceQuality "1"]

1. e4 c5 2. Nf3 d6 3. d4 cxd4 4. Nxd4 Nf6 5. Nc3 a6 6. h3 e5 7. Nde2 b5 8. g4 b4 9. Nd5 Nxd5 10. exd5 h5 11. gxh5 Rxh5 12. a3 bxa3 13. Rxa3 Nd7 14. Bg2 g6 15. O-O Rb8 16. f4 f5 17. Re3 Kf7 18. fxe5 dxe5 19. Ng3 Rh7 20. Ree1 Kg8 21. b3 Rb4 22. Ba3 Rd4 23. Qa1 Qb6 24. Kh2 Bxa3 25. Qxa3 Nf6 26. c4 Ng4+ 27. Kh1 Rd3 28. Ne4 Rdxh3+ 29. Bxh3 Rxh3+ 30. Kg2 Rh2+ 31. Kg3 Qd8 32. Kf3 fxe4+ 33. Kxe4 Bf5+ 0-1

[Event "2nd Serbia Open Masters 2022"]
[Site "Novi Sad"]
[Date "2022.07.06"]
[Round "9.35"]
[White "Papaioannou, Dimitrios"]
[Black "Srihari L R"]
[Result "0-1"]
[WhiteElo "2078"]
[BlackElo "2404"]
[Annotator "TA"]
[PlyCount "74"]
[EventDate "2022.06.28"]
[EventType "swiss"]
[EventCountry "SRB"]
[SourceTitle "playchess.com"]
[Source "ChessBase"]
[SourceQuality "1"]

1. c4 d6 2. Nc3 e5 3. e3 g6 4. d4 Nd7 5. d5 Bg7 6. e4 Ngf6 7. g4 Nc5 8. f3 Nxg4 9. fxg4 Qh4+ 10. Kd2 Bxg4 11. Be2 Bd7 12. Bf3 f5 13. Kc2 fxe4 14. Be2 Qf2 15. Qf1 e3 16. Qxf2 exf2 17. Nf3 Bf5+ 18. Kd1 Bh3 19. Bf1 Bg4 20. Be2 O-O 21. Nd2 Bh3 22. Bf1 Bf5 23. Ne2 Ne4 24. Ng3 Nxg3 25. hxg3 e4 26. Be2 e3 27. Nf1 Be4 28. Rh2 Rae8 29. a4 c6 30. dxc6 bxc6 31. Ra3 d5 32. Bxe3 Rb8 33. Bc5 Rfd8 34. b4 Bb2 35. Re3 dxc4+ 36. Nd2 Rxd2+ 37. Kxd2 Rd8+ 0-1

[Event "2nd Serbia Open Masters 2022"]
[Site "Novi Sad"]
[Date "2022.07.06"]
[Round "9.36"]
[White "Santiago, Yago De Moura"]
[Black "Kadam Om Manish"]
[Result "1-0"]
[WhiteElo "2498"]
[BlackElo "2144"]
[Annotator "TA"]
[PlyCount "63"]
[EventDate "2022.06.28"]
[EventType "swiss"]
[EventCountry "SRB"]
[SourceTitle "playchess.com"]
[Source "ChessBase"]
[SourceQuality "1"]

1. d4 Nf6 2. Nf3 g6 3. Bg5 Bg7 4. Nbd2 d5 5. e3 O-O 6. Be2 c5 7. c3 Nbd7 8. O-O b6 9. a4 Bb7 10. a5 Ne4 11. Nxe4 dxe4 12. Nd2 h6 13. Bh4 cxd4 14. cxd4 g5 15. Bg3 e5 16. Nc4 exd4 17. exd4 f5 18. Bd6 Rf6 19. Be5 Nxe5 20. dxe5 Rf8 21. Nd6 Bc6 22. Rc1 Bd7 23. Qd5+ Kh7 24. Rfd1 Be8 25. Qb7 Qb8 26. a6 Qxb7 27. axb7 Rb8 28. Rc7 Ba4 29. Rdc1 Bb3 30. Re7 Kg6 31. Rc6 Bd5 32. Ne8+ 1-0

[Event "2nd Serbia Open Masters 2022"]
[Site "Novi Sad"]
[Date "2022.07.06"]
[Round "9.37"]
[White "Tomazini, Zan"]
[Black "Piorun, Kacper"]
[Result "0-1"]
[WhiteElo "2359"]
[BlackElo "2635"]
[Annotator "TA"]
[PlyCount "150"]
[EventDate "2022.06.28"]
[EventType "swiss"]
[EventCountry "SRB"]
[SourceTitle "playchess.com"]
[Source "ChessBase"]
[SourceQuality "1"]

1. e4 c6 2. d4 d5 3. e5 c5 4. c4 cxd4 5. Ne2 e6 6. Nxd4 Bb4+ 7. Nc3 Ne7 8. a3 Bxc3+ 9. bxc3 Qa5 10. Qb3 Nbc6 11. Nxc6 Nxc6 12. f4 O-O 13. Bd2 Rd8 14. Ra2 Qc7 15. cxd5 Rxd5 16. Be3 b6 17. Qc2 Bb7 18. Bd3 h6 19. Bh7+ Kh8 20. Be4 Rd7 21. O-O Rad8 22. Bxc6 Qxc6 23. Bd4 Rc8 24. Qd2 Qe4 25. f5 Ba6 26. Qf4 exf5 27. Qxe4 fxe4 28. Re1 Bd3 29. a4 Kh7 30. Kf2 Kg6 31. g4 Rd5 32. h4 Rc4 33. Ke3 Ra5 34. Rea1 f6 35. exf6 gxf6 36. Rf2 Rc6 37. Rg1 Rd5 38. Rgg2 a6 39. Rf4 b5 40. axb5 axb5 41. Rgf2 Rdd6 42. g5 fxg5 43. hxg5 hxg5 44. Rf8 Bc4 45. Rh2 Rd7 46. Rfh8 Bd5 47. R8h6+ Kf7 48. Rf2+ Ke7 49. Bf6+ Kd6 50. Bxg5+ Kc5 51. Bf6 Kb6 52. Rh8 Kb7 53. Be5 Rc8 54. Rxc8 Kxc8 55. Rf8+ Kb7 56. Rb8+ Ka6 57. Bd4 Rf7 58. Rb6+ Ka5 59. Rf6 Rh7 60. Rf5 Rh3+ 61. Kf4 Bc4 62. Kg4 Rh1 63. Rf2 Ka4 64. Kf4 Bd3 65. Rb2 Ka3 66. Rb4 Rh3 67. Bc5 Rf3+ 68. Kg4 Ka2 69. Bg1 Bc4 70. Bd4 Be2 71. Kg5 e3 72. Kg4 Bd1 73. Rxb5 e2 74. Re5 Rf1 75. Ra5+ Kb3 0-1

[Event "2nd Serbia Open Masters 2022"]
[Site "Novi Sad"]
[Date "2022.07.06"]
[Round "9.38"]
[White "Vardaan Nagpal"]
[Black "Petkov, Momchil"]
[Result "1/2-1/2"]
[WhiteElo "2357"]
[BlackElo "2494"]
[Annotator "TA"]
[PlyCount "148"]
[EventDate "2022.06.28"]
[EventType "swiss"]
[EventCountry "SRB"]
[SourceTitle "playchess.com"]
[Source "ChessBase"]
[SourceQuality "1"]

1. d4 Nf6 2. c4 e6 3. Nf3 d5 4. Nc3 c6 5. Bg5 h6 6. Bxf6 Qxf6 7. e3 g6 8. Ne5 Nd7 9. f4 Bg7 10. Bd3 O-O 11. Qf3 dxc4 12. Bxc4 c5 13. Ne4 Qh4+ 14. Qf2 Qxf2+ 15. Kxf2 cxd4 16. exd4 Nb6 17. Bb3 Rd8 18. Rhd1 f6 19. Nf3 Nd5 20. g3 b6 21. Nc3 Bb7 22. Rac1 Rac8 23. Nxd5 exd5 24. Bc2 Kf7 25. Nh4 f5 26. Nf3 Rd7 27. Bd3 Rdc7 28. Rxc7+ Rxc7 29. h4 Kf6 30. Ke3 Bf8 31. a3 Bd6 32. Kd2 Bc6 33. Rc1 Be8 34. Rxc7 Bxc7 35. Bb1 Bd8 36. Ne5 Ke6 37. Nf3 Be7 38. Bd3 b5 39. Kc3 a5 40. b4 axb4+ 41. axb4 h5 42. Ng1 Kd6 43. Ne2 Bf6 44. Nc1 Kc7 45. Bf1 Be7 46. Nd3 Bf6 47. Ne1 Bd7 48. Nc2 Bc6 49. Ne3 Kd6 50. Bg2 Be7 51. Nc2 Bf6 52. Na1 Be8 53. Nb3 Be7 54. Nc1 Bf6 55. Kd3 Be7 56. Na2 Bc6 57. Ke3 Kd7 58. Bf1 Kc7 59. Kd2 Bf6 60. Kd3 Be7 61. Bg2 Kd6 62. Kd2 Bf6 63. Ke3 Be7 64. Bf3 Kd7 65. Kd3 Kc7 66. Kc3 Bf6 67. Nc1 Kd6 68. Ne2 Kc7 69. Bg2 Kd7 70. Nc1 Kd6 71. Bf1 Kc7 72. Nd3 Be8 73. Nc5 Kd6 74. Be2 Be7 1/2-1/2

[Event "2nd Serbia Open Masters 2022"]
[Site "Novi Sad"]
[Date "2022.07.06"]
[Round "9.39"]
[White "Samant Aditya S"]
[Black "Anuj Shrivatri"]
[Result "1/2-1/2"]
[WhiteElo "2433"]
[BlackElo "2356"]
[Annotator "TA"]
[PlyCount "42"]
[EventDate "2022.06.28"]
[EventType "swiss"]
[EventCountry "SRB"]
[SourceTitle "playchess.com"]
[Source "ChessBase"]
[SourceQuality "1"]

1. e4 e5 2. Nf3 Nc6 3. Bb5 Nge7 4. Nc3 Ng6 5. O-O Bc5 6. d3 O-O 7. Bg5 Be7 8. Be3 d6 9. Nd5 f5 10. Nxe7+ Qxe7 11. Ng5 h6 12. Bc4+ Kh8 13. exf5 Rxf5 14. h4 Bd7 15. Qh5 Be8 16. Qg4 Bd7 17. Qh5 Be8 18. Qg4 Bd7 19. Qh5 Be8 20. Qg4 Rf8 21. Qd1 Nb8 1/2-1/2

[Event "2nd Serbia Open Masters 2022"]
[Site "Novi Sad"]
[Date "2022.07.06"]
[Round "9.40"]
[White "Gan-Erdene, Sugar"]
[Black "Rohith Krishna S"]
[Result "0-1"]
[WhiteElo "2419"]
[BlackElo "2337"]
[Annotator "TA"]
[PlyCount "92"]
[EventDate "2022.06.28"]
[EventType "swiss"]
[EventCountry "SRB"]
[SourceTitle "playchess.com"]
[Source "ChessBase"]
[SourceQuality "1"]

1. d4 Nf6 2. c4 e6 3. g3 d5 4. Nf3 Be7 5. Bg2 O-O 6. O-O dxc4 7. Qa4 Bd7 8. Qxc4 Bc6 9. Nc3 Qc8 10. Re1 a6 11. a3 b5 12. Qd3 Rd8 13. e4 h6 14. e5 Nd5 15. Ne4 Nd7 16. Bd2 N7b6 17. b3 a5 18. Qc2 Be8 19. Bf1 Bf8 20. Bd3 Ne7 21. Bxh6 gxh6 22. Nf6+ Kg7 23. Re4 Kh8 24. Rg4 Nbd5 25. Qe2 Nxf6 26. exf6 Nd5 27. Ne5 Nxf6 28. Rf4 Bg7 29. Qf3 Nh7 30. h4 f5 31. Re1 c5 32. g4 Rxd4 33. Rxd4 cxd4 34. gxf5 exf5 35. Bxf5 Qd8 36. Qe4 Nf8 37. Rd1 Ra6 38. Rc1 Qe7 39. f4 Bxe5 40. fxe5 Bg6 41. Rc8 Bxf5 42. Qxf5 Kg7 43. Qe4 Rg6+ 44. Kf1 Qe6 45. Rc7+ Kg8 46. Qf3 d3 0-1

[Event "2nd Serbia Open Masters 2022"]
[Site "Novi Sad"]
[Date "2022.07.06"]
[Round "9.41"]
[White "Fataliyeva, Ulviyya"]
[Black "Nogerbek, Kazybek"]
[Result "1-0"]
[WhiteElo "2348"]
[BlackElo "2424"]
[Annotator "TA"]
[PlyCount "79"]
[EventDate "2022.06.28"]
[EventType "swiss"]
[EventCountry "SRB"]
[SourceTitle "playchess.com"]
[Source "ChessBase"]
[SourceQuality "1"]

1. d4 Nf6 2. c4 e6 3. Nf3 d5 4. Bg5 Be7 5. e3 h6 6. Bxf6 Bxf6 7. Qc2 Nd7 8. Nc3 c6 9. h4 g6 10. O-O-O Qe7 11. e4 dxe4 12. Qxe4 Bg7 13. Ne5 Nf6 14. Qe3 h5 15. f4 Bd7 16. Be2 a5 17. Na4 O-O 18. g4 hxg4 19. Nc5 b6 20. Ncxd7 Nxd7 21. Nxc6 Qd6 22. Ne5 f5 23. h5 gxh5 24. Rxh5 Rad8 25. Rg5 Qe7 26. Nc6 Qf7 27. Nxd8 Rxd8 28. d5 Re8 29. Bf1 Qf6 30. Qe2 e5 31. d6 a4 32. Qc2 e4 33. c5 Rc8 34. Bc4+ Kh7 35. Rh1+ Bh6 36. c6 Nc5 37. d7 Rxc6 38. Rxh6+ Qxh6 39. d8=Q Nd3+ 40. Qcxd3 1-0

[Event "2nd Serbia Open Masters 2022"]
[Site "Novi Sad"]
[Date "2022.07.06"]
[Round "9.42"]
[White "Karacsonyi, Gellert"]
[Black "Kilic, Eray"]
[Result "1/2-1/2"]
[WhiteElo "2338"]
[BlackElo "2192"]
[Annotator "TA"]
[PlyCount "134"]
[EventDate "2022.06.28"]
[EventType "swiss"]
[EventCountry "SRB"]
[SourceTitle "playchess.com"]
[Source "ChessBase"]
[SourceQuality "1"]

1. e4 c5 2. Nf3 d6 3. d4 cxd4 4. Nxd4 Nf6 5. Nc3 a6 6. h3 e5 7. Nde2 h5 8. g3 Be6 9. Bg2 Nbd7 10. a4 Rb8 11. a5 Be7 12. O-O O-O 13. Nd5 Nxd5 14. exd5 Bf5 15. f4 Rc8 16. c3 exf4 17. Bxf4 Bg6 18. Nd4 Ne5 19. Bxe5 dxe5 20. Nf5 Bxf5 21. Rxf5 g6 22. Rxe5 Bd6 23. Re2 Bxg3 24. Qd3 h4 25. b4 Qf6 26. Rc1 Bd6 27. Rcc2 Rfe8 28. Qf3 Qg5 29. Qg4 Qxg4 30. Rxe8+ Rxe8 31. hxg4 Re1+ 32. Kf2 Bg3+ 33. Kf3 Kf8 34. g5 Ke7 35. Kg4 Rb1 36. d6+ Bxd6 37. Bxb7 Bxb4 38. Re2+ Kd6 39. cxb4 Rxb4+ 40. Be4 Ra4 41. Re3 Ke5 42. Kf3 Rxa5 43. Bxg6+ Kd6 44. Bxf7 Rxg5 45. Kf4 Rg1 46. Bc4 a5 47. Ra3 Kc5 48. Be6 Kb4 49. Rb3+ Kc5 50. Rc3+ Kb5 51. Rh3 Rd1 52. Ke5 Re1+ 53. Kd6 Rd1+ 54. Bd5 Rd4 55. Ke5 Rg4 56. Be6 Rb4 57. Kd5 a4 58. Bf5 Rf4 59. Ke5 Rxf5+ 60. Kxf5 Kb4 61. Rxh4+ Kb3 62. Rh3+ Kb2 63. Ke4 a3 64. Rh2+ Kb1 65. Kd3 a2 66. Rh1+ Kb2 67. Ra1 Kxa1 1/2-1/2

[Event "2nd Serbia Open Masters 2022"]
[Site "Novi Sad"]
[Date "2022.07.06"]
[Round "9.43"]
[White "Salimova, Nurgyul"]
[Black "Pasztor, Balazs"]
[Result "1/2-1/2"]
[WhiteElo "2418"]
[BlackElo "2336"]
[Annotator "TA"]
[PlyCount "108"]
[EventDate "2022.06.28"]
[EventType "swiss"]
[EventCountry "SRB"]
[SourceTitle "playchess.com"]
[Source "ChessBase"]
[SourceQuality "1"]

1. d4 d5 2. Nf3 Nf6 3. c4 e6 4. g3 Bb4+ 5. Bd2 Be7 6. Bg2 O-O 7. O-O c6 8. Bf4 Nbd7 9. Nc3 dxc4 10. e4 b5 11. d5 e5 12. dxc6 exf4 13. cxd7 Bb7 14. e5 Nxd7 15. Nxb5 fxg3 16. hxg3 Rb8 17. Nbd4 Bc5 18. e6 Bxf3 19. exf7+ Rxf7 20. Nxf3 Qf6 21. Qd5 h6 22. Qxc4 Kh8 23. Rae1 Rbf8 24. b4 Bb6 25. a4 Qd6 26. Qg4 Nf6 27. Qh4 Nd5 28. a5 Bc7 29. Ne5 Rf6 30. Ng4 Rg6 31. Ne5 Rgf6 32. Nd3 Ne7 33. Qc4 Nf5 34. Nf4 Nd4 35. Re4 Rxf4 36. gxf4 Rxf4 37. Re8+ Kh7 38. Qg8+ Kg6 39. Rfe1 Rf6 40. R8e5 Qxb4 41. Be4+ Nf5 42. Qe8+ Kh7 43. Rxf5 Qxe1+ 44. Kg2 Rg6+ 45. Rg5 Qxe4+ 46. Qxe4 hxg5 47. Qf5 g4 48. Qc5 Bb8 49. Qh5+ Rh6 50. Qf5+ Rg6 51. Qc8 Be5 52. Qc5 Bb8 53. Qc8 Be5 54. Qc5 Bb8 1/2-1/2

[Event "2nd Serbia Open Masters 2022"]
[Site "Novi Sad"]
[Date "2022.07.06"]
[Round "9.44"]
[White "Amartuvshin, Ganzorig"]
[Black "Spasic, Petar"]
[Result "1-0"]
[WhiteElo "2350"]
[BlackElo "2336"]
[Annotator "TA"]
[PlyCount "95"]
[EventDate "2022.06.28"]
[EventType "swiss"]
[EventCountry "SRB"]
[SourceTitle "playchess.com"]
[Source "ChessBase"]
[SourceQuality "1"]

1. d4 Nf6 2. c4 g6 3. Nc3 d5 4. cxd5 Nxd5 5. e4 Nxc3 6. bxc3 Bg7 7. Be3 c5 8. Rc1 O-O 9. Nf3 Qa5 10. Qd2 Rd8 11. h4 Bg4 12. d5 e6 13. Nh2 exd5 14. Nxg4 dxe4 15. Qc2 Nc6 16. h5 Nd4 17. Qb2 b5 18. hxg6 hxg6 19. Bg5 Rd6 20. Be7 Rc6 21. Bg5 f5 22. Bd2 Ne6 23. Nh6+ Bxh6 24. Rxh6 c4 25. Rxg6+ Kf7 26. Rh6 Rac8 27. Be2 Nc5 28. Rh5 Kg6 29. Rg5+ Kf6 30. g4 fxg4 31. Be3 Nd3+ 32. Bxd3 exd3 33. Rxb5 Qc7 34. Bd4+ Kg6 35. Qd2 Qe7+ 36. Kf1 Rf8 37. Kg2 Qe4+ 38. Kg1 Qf4 39. Be3 Qf3 40. Rg5+ Kf7 41. Bd4 Rg6 42. Re1 Rb8 43. Rxg6 Kxg6 44. Re6+ Kf7 45. Rf6+ Qxf6 46. Bxf6 Rb1+ 47. Kg2 Kxf6 48. Qf4+ 1-0

[Event "2nd Serbia Open Masters 2022"]
[Site "Novi Sad"]
[Date "2022.07.06"]
[Round "9.45"]
[White "Koutlas, Nikolaos"]
[Black "Kamalidenova, Meruert"]
[Result "1-0"]
[WhiteElo "2251"]
[BlackElo "2408"]
[Annotator "TA"]
[PlyCount "77"]
[EventDate "2022.06.28"]
[EventType "swiss"]
[EventCountry "SRB"]
[SourceTitle "playchess.com"]
[Source "ChessBase"]
[SourceQuality "1"]

1. c4 Nf6 2. Nc3 g6 3. d4 Bg7 4. e4 d6 5. h3 e5 6. dxe5 dxe5 7. Qxd8+ Kxd8 8. Be3 Be6 9. Nf3 Nc6 10. O-O-O+ Kc8 11. Ng5 Rd8 12. Nd5 Nd7 13. Be2 h6 14. Nxe6 fxe6 15. Nc3 Nd4 16. Bg4 Nf8 17. h4 Kd7 18. f4 Ke7 19. fxe5 c5 20. Nb5 Nd7 21. Nxd4 cxd4 22. Bxd4 Rdc8 23. b3 b5 24. Bb2 bxc4 25. Ba3+ Nc5 26. Rd6 cxb3 27. Kb1 bxa2+ 28. Kxa2 Kf7 29. Rf1+ Kg8 30. Rc1 Bxe5 31. Rxc5 Rxc5 32. Bxe6+ Kg7 33. Bxc5 Bxd6 34. Bxd6 Kf6 35. Bd7 g5 36. h5 g4 37. e5+ Kg5 38. e6 Kxh5 39. e7 1-0

[Event "2nd Serbia Open Masters 2022"]
[Site "Novi Sad"]
[Date "2022.07.06"]
[Round "9.46"]
[White "Culum, Sanjin"]
[Black "Utsab Chatterjee"]
[Result "1/2-1/2"]
[WhiteElo "2287"]
[BlackElo "2403"]
[Annotator "TA"]
[PlyCount "43"]
[EventDate "2022.06.28"]
[EventType "swiss"]
[EventCountry "SRB"]
[SourceTitle "playchess.com"]
[Source "ChessBase"]
[SourceQuality "1"]

1. d4 d5 2. Nf3 Nf6 3. c4 e6 4. g3 Be7 5. Bg2 O-O 6. O-O dxc4 7. Qc2 a6 8. a4 Bd7 9. Rd1 Bc6 10. Nc3 Bxf3 11. Bxf3 Nc6 12. Bxc6 bxc6 13. a5 Rb8 14. Ra4 Rb4 15. Na2 Rxa4 16. Qxa4 Qd5 17. Nc3 Qh5 18. Qxc6 Qxa5 19. Qxc4 Rb8 20. d5 e5 21. Bg5 h6 22. Bxf6 1/2-1/2

[Event "2nd Serbia Open Masters 2022"]
[Site "Novi Sad"]
[Date "2022.07.06"]
[Round "9.47"]
[White "Sammed Jaykumar, Shete"]
[Black "Milosevic, Milos"]
[Result "0-1"]
[WhiteElo "2400"]
[BlackElo "2288"]
[Annotator "TA"]
[PlyCount "94"]
[EventDate "2022.06.28"]
[EventType "swiss"]
[EventCountry "SRB"]
[SourceTitle "playchess.com"]
[Source "ChessBase"]
[SourceQuality "1"]

1. e4 c5 2. Nf3 d6 3. d4 cxd4 4. Nxd4 Nf6 5. Nc3 a6 6. Be3 e5 7. Nf3 h6 8. Nd2 Ng4 9. Nc4 Nxe3 10. Nxe3 Be7 11. Bc4 O-O 12. a4 Be6 13. O-O Nd7 14. Qe2 Rc8 15. Rfd1 Nf6 16. b3 b5 17. axb5 axb5 18. Nxb5 Nxe4 19. Bd5 Nf6 20. c4 Nxd5 21. Nxd5 Bxd5 22. Rxd5 Qb6 23. Ra7 Rfe8 24. Qa2 e4 25. Ra6 Qb7 26. h3 Ra8 27. Rxa8 Rxa8 28. Qe2 Ra1+ 29. Kh2 Qb6 30. Nd4 Bf6 31. Qxe4 Rd1 32. Rb5 Qc7 33. Rb7 Be5+ 34. Qxe5 Qxb7 35. Qe8+ Kh7 36. Nc6 g6 37. Nd8 Qa7 38. c5 Kg7 39. Qe2 Qa1 40. cxd6 Rxd6 41. Nb7 Re6 42. Qc4 Rf6 43. Qc5 Rf5 44. Qe3 Qa6 45. Qd4+ Qf6 46. Qxf6+ Rxf6 47. Nc5 Rxf2 0-1

[Event "2nd Serbia Open Masters 2022"]
[Site "Novi Sad"]
[Date "2022.07.06"]
[Round "9.48"]
[White "Moksh Amit Doshi"]
[Black "Sharma Isha"]
[Result "1/2-1/2"]
[WhiteElo "2398"]
[BlackElo "2207"]
[Annotator "TA"]
[PlyCount "130"]
[EventDate "2022.06.28"]
[EventType "swiss"]
[EventCountry "SRB"]
[SourceTitle "playchess.com"]
[Source "ChessBase"]
[SourceQuality "1"]

1. d4 Nf6 2. c4 g6 3. g3 Bg7 4. Bg2 O-O 5. Nc3 c5 6. d5 d6 7. Nf3 e6 8. O-O exd5 9. cxd5 Re8 10. Re1 Nbd7 11. e4 b5 12. e5 Nxe5 13. Nxe5 dxe5 14. Nxb5 Bb7 15. Nc3 h6 16. Be3 Bf8 17. Rc1 e4 18. Qb3 Bxd5 19. Nxd5 Qxd5 20. Qxd5 Nxd5 21. Bxc5 f5 22. Red1 Red8 23. Bd4 Bg7 24. Bf1 Bxd4 25. Rxd4 Nb6 26. Rxd8+ Rxd8 27. Rc6 Kg7 28. b4 Rd7 29. h4 Nd5 30. a3 e3 31. Bc4 exf2+ 32. Kxf2 Nf6 33. Be6 Ne4+ 34. Ke3 Rd1 35. Kf4 Nd6 36. Ke5 Nb5 37. a4 Re1+ 38. Kd5 Rd1+ 39. Kc5 Nc3 40. a5 Ne4+ 41. Kb5 Nxg3 42. Rc7+ Kf6 43. Bb3 Rb1 44. Bd5 Ne2 45. Kc5 Nc3 46. Bc6 Ne4+ 47. Kc4 Nd6+ 48. Kd5 Rd1+ 49. Kc5 Ne4+ 50. Kb5 Nd6+ 51. Ka6 Rc1 52. b5 Ra1 53. Bd5 Rb1 54. Rc5 g5 55. hxg5+ hxg5 56. Bc6 Ra1 57. b6 axb6 58. Kxb6 g4 59. Bd5 f4 60. a6 Rb1+ 61. Kc7 Nb5+ 62. Kb8 Nd6+ 63. Kc7 Nb5+ 64. Kb8 Nd6+ 65. Kc7 Ke5 1/2-1/2

[Event "2nd Serbia Open Masters 2022"]
[Site "Novi Sad"]
[Date "2022.07.06"]
[Round "9.49"]
[White "Drnovsek, Gal"]
[Black "Ram Aravind L N"]
[Result "0-1"]
[WhiteElo "2398"]
[BlackElo "2116"]
[Annotator "TA"]
[PlyCount "146"]
[EventDate "2022.06.28"]
[EventType "swiss"]
[EventCountry "SRB"]
[SourceTitle "playchess.com"]
[Source "ChessBase"]
[SourceQuality "1"]

1. d4 Nf6 2. c4 g6 3. Nc3 d5 4. cxd5 Nxd5 5. e4 Nxc3 6. bxc3 Bg7 7. Be3 c5 8. Qd2 cxd4 9. cxd4 Nc6 10. Rd1 O-O 11. h3 Qa5 12. Qxa5 Nxa5 13. Nf3 Bd7 14. Bd2 b6 15. Ba6 Rfd8 16. d5 f5 17. Bxa5 fxe4 18. Ng5 bxa5 19. Nxe4 Bf5 20. Ng3 Bc3+ 21. Ke2 Bc8 22. Bc4 Kg7 23. Ne4 Bb4 24. g4 Bb7 25. Ng5 Rdc8 26. Bb3 Rc3 27. Kf1 h6 28. Ne6+ Kf6 29. Kg2 Ba6 30. Rd4 Ke5 31. Re1+ Kd6 32. Nf4 Rxb3 33. Re6+ Kc5 34. Rd1 Rc3 35. Rxa6 g5 36. a4 Kc4 37. Ne2 Rd3 38. Rxd3 Kxd3 39. Ng3 Kc4 40. Nf5 Kb3 41. Rxh6 Kxa4 42. Rc6 Rd8 43. f4 gxf4 44. Kf3 Rxd5 45. Kxf4 Kb5 46. Rc7 e6 47. Ke4 Kb6 48. Rc8 Rc5 49. Rxc5 Kxc5 50. Nd4 Bc3 51. Ne2 Bf6 52. Kd3 a4 53. Nc1 Kb4 54. Kc2 Kc4 55. Nd3 a3 56. Nc1 e5 57. Kb1 e4 58. Ka2 Bg5 59. Ne2 Kd3 60. h4 Bxh4 61. Nf4+ Kd2 62. Kxa3 e3 63. Ka4 Bg5 64. Nh3 Be7 65. Kb5 Ke2 66. g5 Kf3 67. g6 Bf6 68. Kc4 a5 69. Kb5 Bc3 70. g7 Bxg7 71. Kxa5 Be5 72. Ng1+ Kf2 73. Nh3+ Kg2 0-1

[Event "2nd Serbia Open Masters 2022"]
[Site "Novi Sad"]
[Date "2022.07.06"]
[Round "9.50"]
[White "Pasti, Aron"]
[Black "Panda Sambit"]
[Result "1/2-1/2"]
[WhiteElo "2380"]
[BlackElo "2123"]
[Annotator "TA"]
[PlyCount "157"]
[EventDate "2022.06.28"]
[EventType "swiss"]
[EventCountry "SRB"]
[SourceTitle "playchess.com"]
[Source "ChessBase"]
[SourceQuality "1"]

1. e4 c6 2. d4 d5 3. Nc3 dxe4 4. Nxe4 Nf6 5. Nxf6+ exf6 6. c3 Bd6 7. Bd3 O-O 8. Ne2 Re8 9. O-O Nd7 10. Ng3 g6 11. Bh6 f5 12. Qd2 Bf8 13. h4 Nf6 14. Bg5 Be7 15. Rfe1 Be6 16. b3 Qd7 17. h5 Rad8 18. Rad1 b5 19. Qc1 Nd5 20. Bxe7 Qxe7 21. Re5 Qh4 22. Rde1 Nf6 23. R5e2 f4 24. Ne4 Nxh5 25. Nd2 Nf6 26. Nf3 Qh6 27. c4 bxc4 28. Bxc4 Nd5 29. Ne5 Rc8 30. Qd2 Red8 31. Nd3 g5 32. Nc5 Bf5 33. Re5 Qg6 34. Bxd5 Rxd5 35. Rxd5 cxd5 36. Re5 Be6 37. Qa5 Qh5 38. f3 Qg6 39. Qa6 Re8 40. Qc6 Kf8 41. Re1 h5 42. Kh2 h4 43. Na6 g4 44. Qd6+ Kg8 45. Qxf4 g3+ 46. Kg1 Bd7 47. Rxe8+ Bxe8 48. Qg4 Qxg4 49. fxg4 Kf8 50. Nb4 Bd7 51. g5 Kg7 52. Nd3 Kg6 53. Ne5+ Kxg5 54. Nxd7 Kf4 55. Ne5 f5 56. b4 Ke4 57. Nf3 h3 58. b5 h2+ 59. Kh1 Kd3 60. a4 Kc4 61. Nh4 f4 62. Ng6 Kb4 63. Nxf4 Kxa4 64. b6 axb6 65. Nxd5 b5 66. Nc3+ Kb4 67. Ne2 Kc4 68. Nxg3 b4 69. Nf1 Kxd4 70. Nd2 Kc3 71. Ne4+ Kd4 72. Nd2 Kc3 73. Ne4+ Kd4 74. Nd6 b3 75. Nb5+ Kc4 76. Na3+ Kc3 77. g4 b2 78. g5 Kb3 79. Nb1 1/2-1/2

[Event "2nd Serbia Open Masters 2022"]
[Site "Novi Sad"]
[Date "2022.07.06"]
[Round "9.51"]
[White "Pham, Khoi"]
[Black "Savanovic, Aleksandar"]
[Result "1/2-1/2"]
[WhiteElo "2291"]
[BlackElo "2366"]
[Annotator "TA"]
[PlyCount "42"]
[EventDate "2022.06.28"]
[EventType "swiss"]
[EventCountry "SRB"]
[SourceTitle "playchess.com"]
[Source "ChessBase"]
[SourceQuality "1"]

1. e4 e5 2. Nf3 Nc6 3. Bb5 a6 4. Ba4 Nf6 5. O-O Nxe4 6. d4 b5 7. Bb3 d5 8. dxe5 Be6 9. c3 Be7 10. Bc2 Bg4 11. Qe1 Bxf3 12. gxf3 Nc5 13. b4 Na4 14. f4 Qd7 15. f5 g6 16. f6 Qg4+ 17. Kh1 Qf3+ 18. Kg1 Qg4+ 19. Kh1 Qf3+ 20. Kg1 Qg4+ 21. Kh1 Nxb4 1/2-1/2

[Event "2nd Serbia Open Masters 2022"]
[Site "Novi Sad"]
[Date "2022.07.06"]
[Round "9.52"]
[White "Tadic, Stefan"]
[Black "Manish Anto Cristiano F"]
[Result "0-1"]
[WhiteElo "2358"]
[BlackElo "2071"]
[Annotator "TA"]
[PlyCount "46"]
[EventDate "2022.06.28"]
[EventType "swiss"]
[EventCountry "SRB"]
[SourceTitle "playchess.com"]
[Source "ChessBase"]
[SourceQuality "1"]

1. e4 c5 2. Nc3 d6 3. f4 a6 4. Nf3 b5 5. d3 Bb7 6. g3 Nf6 7. Bg2 e6 8. O-O Be7 9. f5 exf5 10. Nh4 fxe4 11. Nf5 O-O 12. Bg5 Nd5 13. Nxe7+ Nxe7 14. Nxe4 f5 15. Qh5 Nbc6 16. Bxe7 Qxe7 17. Rxf5 Rxf5 18. Qxf5 Nd4 19. Qg4 Nxc2 20. Nf6+ Qxf6 21. Bxb7 Rf8 22. Rb1 Qf2+ 23. Kh1 Qf1+ 0-1